[Event "26. Ciudad de Linares 2009"]
[Site "Linares ESP"]
[Date "2009.02.21"]
[Round "3.2"]
[White "Dominguez Perez, Leinier"]
[Black "Anand, Viswanathan"]
[Result "1/2-1/2"]
[WhiteElo "2717"]
[BlackElo "2791"]
[PlyCount "82"]
[EventDate "2009.02.18"]
[EventType "tourn"]
[EventRounds "14"]
[EventCountry "ESP"]
[EventCategory "21"]
[Source "lmi"]
[SourceDate "2009.02.18"]

1. e4 c5 2. Nf3 d6 3. d4 cxd4 4. Nxd4 Nf6 5. Nc3 a6 6. Be3 e5 7. Nb3 Be6 8. Qd2
Nbd7 9. f3 h5 10. O-O-O Be7 11. Kb1 b5 12. Nd5 Bxd5 13. exd5 Nb6 14. Bxb6 Qxb6
15. Na5 Rc8 16. Nc6 Nxd5 17. Nxe7 Nxe7 18. Qxd6 Qxd6 19. Rxd6 Nc6 20. Rd2 Ke7
21. Bd3 Rhd8 22. Rhd1 g6 23. a4 Rb8 24. axb5 axb5 25. Be4 Rxd2 26. Rxd2 Nd4 27.
b4 f5 28. Bd3 h4 29. c3 Ne6 30. Bf1 Nf4 31. Kc2 Kf6 32. g3 hxg3 33. hxg3 Nh5
34. Rd5 Nxg3 35. Bxb5 e4 36. fxe4 Nxe4 37. Bd3 g5 38. Bxe4 fxe4 39. Kd2 g4 40.
Ke3 Rc8 41. Kxe4 Rxc3 1/2-1/2

[Event "26. Ciudad de Linares 2009"]
[Site "Linares ESP"]
[Date "2009.02.25"]
[Round "6.1"]
[White "Wang Yue"]
[Black "Radjabov, Teimour"]
[Result "1/2-1/2"]
[WhiteElo "2739"]
[BlackElo "2761"]
[PlyCount "84"]
[EventDate "2009.02.18"]
[EventType "tourn"]
[EventRounds "14"]
[EventCountry "ESP"]
[EventCategory "21"]
[Source "lmi"]
[SourceDate "2009.02.18"]

1. d4 Nf6 2. c4 g6 3. Nc3 Bg7 4. e4 d6 5. Nf3 O-O 6. Be2 e5 7. Be3 Ng4 8. Bg5
f6 9. Bh4 g5 10. Bg3 Nh6 11. d5 Nd7 12. O-O f5 13. exf5 Nc5 14. b4 e4 15. Nd4
Nd3 16. Nxe4 Bxd4 17. Rb1 Nxf2 18. Bxf2 Bxf2+ 19. Nxf2 Bxf5 20. Rb3 Qe7 21. Qd2
Rae8 22. Bh5 Bg6 23. Rh3 Qg7 24. Bxg6 Qxg6 25. Re3 Rxe3 26. Qxe3 b6 27. Re1 Nf5
28. Qe4 Qg7 29. Nd3 a6 30. Rf1 Qd4+ 31. Qxd4 Nxd4 32. Rxf8+ Kxf8 33. Kf2 Ke7
34. Ke3 Nc2+ 35. Ke4 b5 36. c5 h6 37. c6 Kf6 38. g3 Na3 39. g4 Nc2 40. h3 Na3
41. Kd4 Nc2+ 42. Ke4 Na3 1/2-1/2